| 000 | 00723cam a22001934a 4500 | ||
|---|---|---|---|
| 005 | 20250605163940.0 | ||
| 008 | 250528s ||||||||||||||||||||||||d | ||
| 035 | _a14985 | ||
| 020 | _a7707419 | ||
| 040 |
_aGR-AtMCL _bgre _dGR-AtMCL _eAACR2 |
||
| 245 | 1 | _aIntroduction to Computing | |
| 260 |
_bMcgraw Hill Book Company, _c1992 |
||
| 300 | _a258 | ||
| 520 | _aAn insight into the practical use of computers, covering both the software and hardware aspectsof systems. Preface, Acknowledgements, Introduction, Computing and Information Ptrocessing, Constructing Computer Applications, How Computers Work, Applying Computers, Index. | ||
| 700 | 1 |
_aGreenfield Peter _9809 |
|
| 942 | _cBK | ||
| 999 |
_c594 _d594 |
||